000 02696nam0a2200361 4500
001 RU\NLR\BIBL_A\022772533
005 20260628205801.0
010 _a978-5-9961-3489-2
_9500
021 _aRU
_bКН-П-26-008348
_9КН-П-26-0799
035 _a(NLR Aleph) 022772533
090 _a13744468
_c13744468
100 _a20260401d2025 k y0rusy50 ca
101 0 _arus
_deng
102 _aRU
105 _aa z 100zy
181 0 _ai3
_baxxe
182 0 _an
200 1 _aИнновации. Интеллект. Культура
_eматериалы VIII Международной научно-практической конференции (Тобольск, 25 апреля 2025 г.)
_fМинистерство науки и высшего образования Российской Федерации, Федеральное государственное бюджетное образовательное учреждение высшего образования "Тюменский индустриальный университет", Тобольский индустриальный институт (филиал), Департамент культуры Тюменской области, ГАУК ТО "Тюменское музейно-просветительское объединение", Структурное подразделение "Тобольский историко-архитектурный музей-заповедник"
_gредакционная коллегия: кандидат филологических наук, доцент Е. В. Прокутина (отв. редактор), И. Н. Гладков
203 _aТекст
_bвизуальный
_cнепосредственный
210 _aТюмень
_cТИУ
_d2025
215 _a359 с.
_cил.
_d21
300 _aРез. ст. на англ. яз.
320 _aБиблиогр. в конце ст.
606 1 _aНаучные конференции
_jСборники
_yТобольск, город (Тюменская область)
_92298097
_3RU\NLR\AUTH\6601602811
686 1 _aЯ431(2Р-4Тю-2Т)
702 1 _aПрокутина
_bЕ. В.
_gЕлена Васильевна
_4340
711 1 2 _a"Инновации. Интеллект. Культура", международная научно-практическая конференция
_d8
_eТобольск
_f2025
_92704383
_3RU\NLR\AUTH\880641251
712 0 2 _4475
_aТобольский индустриальный институт
_9629079
_3RU\NLR\AUTH\8810063738
942 _cBOOK
980 _aNB